| 000 | 00471 a2200157 4500 | ||
|---|---|---|---|
| 999 |
_c9429 _d9429 |
||
| 020 | _a 9780702107238 | ||
| 050 | 0 | 0 | _aKTL737 JON 1963 |
| 100 | 1 |
_aJones, R. J. M. _eauthor |
|
| 245 | 1 | 4 |
_aThe law and practice of conveyancing in South Africa / _cby R.J.M. Jones. |
| 264 |
_aCape Town : _b Juta, _c1963 |
||
| 300 |
_axiv, 525 p. : _bforms ; |
||
| 500 | _aIncludes index. | ||
| 650 | 0 | _aConveyancing | |
| 942 |
_2lcc _cBK _h737 _iJON _kKTL |
||